000 00393nam a2200145Ia 4500
008 151213s9999 xx 000 0 und d
100 _aArchie Hobson
245 _aThe Oxford Dictionary Of Difficult Words
_cArchie Hobson
260 _aNew York
_bOxford University Press
_c2001
300 _a1616 p.
650 _aDictionary
650 _aReference
700 _aArchie Hobson
999 _c1228
_d1228